Normal view
MARC view
- العمل والعمال-الاردن
Entry Topical Term
001 - CONTROL NUMBER
- control field: 33585
003 - CONTROL NUMBER IDENTIFIER
- control field: JO-AjAnu
005 - DATE AND TIME OF LATEST TRANSACTION
- control field: 20230606075632.0
008 - FIXED-LENGTH DATA ELEMENTS
- fixed length control field: 230606|| aca||aabn | a|a d
040 ## - CATALOGING SOURCE
- Original cataloging agency: JO-AjAnu
- Transcribing agency: JO-AjAnu
150 ## - HEADING--TOPICAL TERM
- Topical term or geographic name entry element: العمل والعمال-الاردن
670 ## - SOURCE DATA FOUND
- Source citation: Work cat.: (JO-AjAnu)17253: تحرير واعداد:ابراهيم بدران،مصطفى الشيخ, author 33584, الافاق المستقبلية للقوى العاملة الاردنية:ندوة اقيمت في جامعة فيلادلفيا